A.B.C. of income tax, 1966-1967; (Record no. 77960)
[ view plain ]
| 000 -LEADER | |
|---|---|
| fixed length control field | 00835cam a22002411 4500 |
| 001 - CONTROL NUMBER | |
| control field | sa 68001455 |
| 003 - CONTROL NUMBER IDENTIFIER | |
| control field | DLC |
| 005 - DATE AND TIME OF LATEST TRANSACTION | |
| control field | 20260227112433.0 |
| 008 - FIXED-LENGTH DATA ELEMENTS--GENERAL INFORMATION | |
| fixed length control field | 710903s1967 pk k 000 0 eng |
| 010 ## - LIBRARY OF CONGRESS CONTROL NUMBER | |
| LC control number | sa 68001455 |
| 025 ## - OVERSEAS ACQUISITION NUMBER | |
| Overseas acquisition number | PL480:P-E-1208 |
| 040 ## - CATALOGING SOURCE | |
| Original cataloging agency | DLC |
| Transcribing agency | DLC |
| Modifying agency | DLC |
| 043 ## - GEOGRAPHIC AREA CODE | |
| Geographic area code | a-pk--- |
| 050 00 - LIBRARY OF CONGRESS CALL NUMBER | |
| Classification number | KPL2832 |
| Item number | .H93 1967 |
| 082 00 - DEWEY DECIMAL CLASSIFICATION NUMBER | |
| Classification number | 340 |
| 100 1# - MAIN ENTRY--PERSONAL NAME | |
| Personal name | Hyder, M. Shafiuddin. |
| 245 10 - TITLE STATEMENT | |
| Title | A.B.C. of income tax, 1966-1967; |
| Remainder of title | an up-to-date ready reference guide specially written for salaried persons & employers; persons deriving income from interest, dividend & property; income tax practitioners & students, |
| Statement of responsibility, etc. | [by] M. Shafiuddin Hyder. |
| 250 ## - EDITION STATEMENT | |
| Edition statement | [1st ed. |
| 260 ## - PUBLICATION, DISTRIBUTION, ETC. | |
| Place of publication, distribution, etc. | Karachi, |
| Name of publisher, distributor, etc. | Petiwala, |
| Date of publication, distribution, etc. | 1967] |
| 300 ## - PHYSICAL DESCRIPTION | |
| Extent | 36 p. |
| Other physical details | forms. |
| Dimensions | 22 cm. |
| 350 ## - PRICE (NR) (BK AM CF MU VM SE) [OBSOLETE] | |
| Price | Rs2.50 |
| 650 #0 - SUBJECT ADDED ENTRY--TOPICAL TERM | |
| Topical term or geographic name entry element | Income tax |
| General subdivision | Law and legislation |
| Geographic subdivision | Pakistan. |
No items available.